• 首页
  • 本馆介绍
  • 公告通知
  • 最新文献
  • 馆藏检索
  • 电子资源
  • 读者荐购
  • 参考咨询
  • CALIS
  • 我的图书馆
  • 登录
  • 详细信息显示
  • 放入我的书架
  • 预约/预借图书
  • 作者相关作品
  • 分类相关作品
  • 丛书相关作品
  • 出版社相关作品

书目信息

  • 表格格式
  • 工作单格式
  • 卡片格式
题名:
建筑工程施工工艺
    
 
作者: 刘仁松 主编
分册:  
出版信息: 重庆   重庆大学出版社  1998.07
页数: 191页
开本: 16开
丛书名:
单 册:
中图分类: TU71
科图分类:
主题词: 建筑工程--施工管理
电子资源:
ISBN: 7-5624-1363-0
 
 
 
 
 
000 00575nam0 2200193 45
001 0008111692
005 20010404101750.4
010    @a7-5624-1363-0@d15.00元
100    @a20000811d1998 km y0chiy0120 ea
101 0  @achi
105    @a z 000yy
200 1  @a建筑工程施工工艺@AJian Zhu Gong Cheng Shi Gong Gong Yi@f刘仁松等主编@FLiu Ren Song Deng Zhu Bian
210    @a重庆@c重庆大学出版社@d1998.07
215    @a191页@d16开
606 0  @a建筑工程@x施工管理
690    @aTU71@v3
701  0 @a刘仁松@4主编
801    @aCN@bPftUser@c20000811
905    @dTU71@eL767@b335709-711@f3
    
    建筑工程施工工艺/刘仁松等主编.-重庆:重庆大学出版社,1998.07
    191页;16开
    
    
    ISBN 7-5624-1363-0:15.00元
    
●
相关链接 在E读中查询图书 在当当中查询图书 在豆瓣中查询图书


正题名:建筑工程施工工艺     索取号:TU71/L767         预约/预借

序号 登录号 条形码 馆藏地/架位号 状态 备注
1 335709   203357090   土木与交通工程学院资料室/土木与交通学院资料室 1排1列1层/ [索取号:TU71/L767] 在馆    
2 335710   203357107   自科二线404/404自科库 25排1列4层/ [索取号:TU71/L767] 在馆    
3 335711   203357116   建筑库201/201建筑库 15排4列5层/ [索取号:TU71/L767] 在馆    
河南城建学院图书馆 欢迎您!
大连网信软件有限公司© 版权所有